000 00623nam a2200241Ia 4500
003 OSt
005 20221005085731.0
006 a|||||r|||| 00| 0
007 ta
008 221004b |||||||| |||| 00| 0 eng d
024 _a46272
037 _cTextual
040 _aCRL
_cCRL
_beng
041 _2eng
_aeng
082 _aO111973,2M88,CC, J4
100 _aEliot T S
245 0 _aConfidential clerk
260 _aNew York
_bHarcourt
_c1954
300 _a159p.
_ccm.
650 _aAMERICAN DRAMA
_9614564
942 _hO111973,2M88,CC, J4
_cTEXL
_2cc
999 _c994715
_d994715